The Cambridge history of Poland

Guardat en:
Dades bibliogràfiques
Format: Llibre
Idioma:Undetermined
Publicat: Cambridge Cambridge University Press 1950
Matèries:
Etiquetes: Afegir etiqueta
Sense etiquetes, Sigues el primer a etiquetar aquest registre!
Thư viện lưu trữ: Trung tâm Học liệu Trường Đại học Cần Thơ
LEADER 00488nam a2200181Ia 4500
001 CTU_83897
008 210402s9999 xx 000 0 und d
082 |a 943.8 
082 |b C174 
245 4 |a The Cambridge history of Poland 
245 0 |c W. F. Reddaway ... [et al.] 
260 |a Cambridge 
260 |b Cambridge University Press 
260 |c 1950 
650 |a Poland 
650 |x History 
904 |i Nguyên, QHieu 
980 |a Trung tâm Học liệu Trường Đại học Cần Thơ